Sports Quiz

Random Sports or MLB Quiz

Were They Ever a Yankee? Quiz Stats

 Plays Quiz not verified by Sporcle

Challenge
Share
Tweet
Embed
Score 0/32 Timer 03:00
0 Plays Today
Yankee or Not? Type Yank or Not % Correct
Mike Schmidt???
94.3%
Jim Abbott???
92.4%
Tom Seaver???
88.2%
Roberto Alomar???
87.9%
Steve Garvey???
86.3%
Fergie Jenkins???
86%
Chili Davis???
84.7%
Bo Jackson???
83.4%
Jack Morris???
81.5%
Phil Niekro???
81.2%
Duke Snider???
81.2%
Rollie Fingers???
78.7%
Sparky Anderson???
74.8%
Ivan Rodriguez???
74.5%
Deion Sanders???
74.5%
Jim Bunning???
72.3%
Yankee or Not? Type Yank or Not % Correct
Bobby Bonds???
71.7%
Dizzy Dean???
70.7%
Ken Griffey???
70.4%
Whitey Herzog???
69.1%
Gaylord Perry???
64.6%
Enos Slaughter???
59.2%
Dave Kingman???
55.4%
Rick Reuschel???
54.8%
Hoyt Wilhelm???
52.5%
Otis Nixon???
51.3%
Bert Campaneris???
49%
Rick Honeycutt???
49%
Leo Durocher???
48.4%
Bob Melvin???
46.2%
Joe Niekro???
44.9%
Frank Tanana???
42.7%

You're not logged in!

Compare scores with friends on all Sporcle quizzes.
OR
Log In

You Might Also Like...

Show Comments

Extras

Top Quizzes Today


Score Distribution

Your Account Isn't Verified!

In order to create a playlist on Sporcle, you need to verify the email address you used during registration. Go to your Sporcle Settings to finish the process.

Report this User

Report this user for behavior that violates our Community Guidelines.

Details: